| 000 | 00615nam a22001937a 4500 | ||
|---|---|---|---|
| 003 | OSt | ||
| 005 | 20260128084245.0 | ||
| 008 | 260128b |||||||| |||| 00| 0 eng d | ||
| 020 | _a0-321-41290-7. | ||
| 040 |
_aDWCL-Main lib _cOC |
||
| 082 |
_27th, Brief edition _aCirc. 808.0427 R166w 2007 |
||
| 100 | _aRamage, John D. | ||
| 245 |
_aWriting arguments : _ba rhetoric with readings _cRamage, John D. |
||
| 260 |
_aN. Y. : _bPearson/Longman, _cc2007. |
||
| 300 |
_axxxii, 462 pages : _billustration ; _c23 cm. |
||
| 700 | _aBean, Jean C. | ||
| 700 | _aJohnson, June | ||
| 942 |
_2ddc _cBK-CIRC _e7th, Brief ed. _kCirc. _n0 |
||
| 999 |
_c7920 _d7920 |
||